=LDR 00000nam 2200000 4500 =001 INLIS000000000005330 =005 20130612093557 =008 ***********************************Ind** =035 ##$$0010-061300000005330 =041 ##$$a Ind =082 ##$$a 320.26 =090 ##$$a 320.26, Sud p =100 ##$$a SUDIBYO, Agus =245 ##$$a Politik media dan pertarungan wacana, Agus Sudibyo. -- =650 ##$$a 2001 $b Yogyakarta =710 ##$$a xviii, 332 hlm, 21 cm =850 ##$$a Politik